000 00562nam a2200193Ia 4500
003 GCL
008 140319s9999 xx 000 0 eng d
020 _a0916509400
040 _aGCL /
_cGCL
082 0 4 _a378.73
_bS B
100 1 _aSCHERMEISTER, PHIL
245 1 0 _aBRIGHAM YOUNG UNIVERSTIY /
_cSCHERMEISTER, PHIL
260 _aنيويورك :
_bHARMONY HOUSE
300 _a30 CM ؛
_c111 P
650 0 4 _aUNIVERSTIRY AND COLLEGES - UNITED STATES
650 0 4 _aBRIGHAM YOUNG UNIVERSITY
650 0 4 _aUNIVERSITY AND COLLEGES - PHOTOGRAPHY
942 _2ddc
_cBK
999 _c9409
_d9409